00946 2200313 4500001002100000005001500021035002000036245007800056250001100134300003600145006001800181007000300199008004100202264003200243336002100275337003000296338002300326082001200349650004100361700002900402100003600431504002900467084001800496500003200514020002200546990002200568990002100590990002100611INLIS00000000000528420260514114030 a0010-02220003741 aKonsep Kebidanan Dalam Perspektif Sains Dan Islam /cMariyanto Nurshamsul aCet. 1 axiv, 217 hal :billus. ;c21 cma ta260514 0  aJakarta :bAMP Press,c2016 2rdacontentaTeks 2rdamediaaTanpa Perantara 2rdacarrieraVolume a297.266 4aAspek Sejarah Perkembangan Kebidanan1 aTIm AMP PressePengarang1 aMariyanto NurshamsulePengarang abibliografi, 213-216 hlm a297.266 NUR k aProfile penulis,hlm 217-218 a978-602-9247-75-6 a24.234/H/DPK/2017 a24.235/H/DPK/ 17 a24.235/H/DPK/ 17